Santa Fe de Bogota. Real Audiencia records, (Record no. 44826)

MARC details
000 -LEADER
fixed length control field 01148cpcaa2200289 a 4500
001 - CONTROL NUMBER
control field mm2010085533
003 - CONTROL NUMBER IDENTIFIER
control field DLC
005 - DATE AND TIME OF LATEST TRANSACTION
control field 20260227111732.0
008 - FIXED-LENGTH DATA ELEMENTS--GENERAL INFORMATION
fixed length control field 100310|||||||||||| spa
010 ## - LIBRARY OF CONGRESS CONTROL NUMBER
LC control number mm2010085533
040 ## - CATALOGING SOURCE
Original cataloging agency DLC
Transcribing agency DLC
Modifying agency DLC
Description conventions dacs
072 #7 - SUBJECT CATEGORY CODE
Subject category code F
Source lcmd
110 1# - MAIN ENTRY--CORPORATE NAME
Corporate name or jurisdiction name as entry element Santa Fe de Bogota.
Subordinate unit Real Audiencia.
245 00 - TITLE STATEMENT
Title Santa Fe de Bogota. Real Audiencia records,
Inclusive dates 1566.
300 ## - PHYSICAL DESCRIPTION
Extent 300
Type of unit items.
300 ## - PHYSICAL DESCRIPTION
Extent 1
Type of unit container.
506 0# - RESTRICTIONS ON ACCESS NOTE
Terms governing access Open to research.
520 8# - SUMMARY, ETC.
Summary, etc. Selections from Archivo General de Indias, Gobierno, Audiencia Santa Fe de Bogota, legajos 117.
533 ## - REPRODUCTION NOTE
Type of reproduction Photostats and transcripts of originals in the Archivo General de Indias (Seville).
535 1# - LOCATION OF ORIGINALS/DUPLICATES NOTE
Custodian Archivo General de Indias,
Postal address Seville,
Country Spain.
546 ## - LANGUAGE NOTE
Language note Collection material in Spanish.
650 #0 - SUBJECT ADDED ENTRY--TOPICAL TERM
Topical term or geographic name entry element Archives
Geographic subdivision Spain.
651 #0 - SUBJECT ADDED ENTRY--GEOGRAPHIC NAME
Geographic name Colombia
General subdivision History
Chronological subdivision 16th century.
651 #0 - SUBJECT ADDED ENTRY--GEOGRAPHIC NAME
Geographic name Spain
General subdivision Colonies
Geographic subdivision America.
710 2# - ADDED ENTRY--CORPORATE NAME
Corporate name or jurisdiction name as entry element Archivo General de Indias.
Subordinate unit Sección de Gobierno.
-- Audiencia Santa Fe de Bogota.

No items available.

Powered by Koha